[Event "Satka-255"]
[Site "Satka"]
[Date "2013.07.03"]
[Round "2"]
[White "Tsvetkov, Pavel"]
[Black "Khazov, Anton"]
[Result "1-0"]
[WhiteElo "2123"]
[BlackElo "1976"]
[PlyCount "73"]
[EventDate "2013.??.??"]
[EventType "swiss"]
[EventCountry "RUS"]
[SourceDate "2005.09.12"]

1. e4 c5 2. Nf3 e6 3. d4 cxd4 4. Nxd4 a6 5. Nc3 Qc7 6. Bd3 Nf6 7. O-O b6 8. Bg5
Be7 9. Qe2 d6 10. Kh1 Bb7 11. Rae1 h6 12. Be3 g5 13. a4 Nbd7 14. Nb3 Ne5 15. f4
Neg4 16. Bd4 e5 17. fxe5 dxe5 18. Bg1 h5 19. Rf5 Bc8 20. Rf3 Nh6 21. Qf2 Bd8
22. Rf1 Nhg4 23. Qe2 Qb7 24. Bc4 Be6 25. Nd2 Be7 26. Bxe6 fxe6 27. Nc4 b5 28.
axb5 axb5 29. Nxb5 Rd8 30. Bb6 Rd7 31. Nc3 Rd4 32. Bxd4 exd4 33. Nb5 Nxe4 34.
Qxe4 Qb8 35. Qc6+ Kd8 36. Ncd6 Bxd6 37. Nxd6 1-0

[Event "Satka-255"]
[Site "Satka"]
[Date "2013.07.03"]
[Round "2"]
[White "Panov, Maksim"]
[Black "Semenova, Alena"]
[Result "1-0"]
[WhiteElo "2093"]
[BlackElo "1951"]
[PlyCount "65"]
[EventDate "2013.??.??"]
[EventType "swiss"]
[EventCountry "RUS"]
[SourceDate "2005.09.12"]

1. Nf3 d5 2. c4 c6 3. d4 Nf6 4. g3 g6 5. Bg2 Bg7 6. O-O O-O 7. Nbd2 dxc4 8.
Nxc4 Be6 9. b3 h6 10. Ba3 Nbd7 11. e3 Re8 12. Qe2 Bd5 13. Rfd1 a5 14. Rac1 Qb8
15. Bb2 a4 16. b4 Ne4 17. Ba1 Nd6 18. Nce5 Nb6 19. Ne1 Bxg2 20. Kxg2 Nd5 21.
N1d3 Kh7 22. e4 Nb6 23. Nf4 a3 24. h4 Qd8 25. Nexg6 fxg6 26. Qg4 Qd7 27. Qxg6+
Kh8 28. Ne6 Nf5 29. exf5 Qd5+ 30. Kh2 Rg8 31. Rc5 Qf3 32. d5 Qxf2+ 33. Kh3 1-0

[Event "Satka-255"]
[Site "Satka"]
[Date "2013.07.03"]
[Round "2"]
[White "Khafizova, Yana"]
[Black "Povolotsky, Evgeny"]
[Result "0-1"]
[WhiteElo "1938"]
[BlackElo "2079"]
[PlyCount "112"]
[EventDate "2013.??.??"]
[EventType "swiss"]
[EventCountry "RUS"]
[SourceDate "2005.09.12"]

1. d4 d5 2. c4 e6 3. Nc3 c6 4. e3 Nf6 5. Bd3 Nbd7 6. Nf3 Be7 7. e4 dxe4 8. Nxe4
Nxe4 9. Bxe4 c5 10. O-O cxd4 11. Nxd4 Nc5 12. Bc2 Bf6 13. Be3 a6 14. Rb1 Qc7
15. b4 Nd7 16. c5 O-O 17. Qg4 g6 18. Rbd1 Bg7 19. Bb3 Nf6 20. Qh4 e5 21. Bg5
Nh5 22. Ne2 h6 23. Bd8 Qc6 24. Rd6 Qe8 25. Be7 Bf5 26. Rfd1 e4 27. Bxf8 Bxf8
28. Rd8 Rxd8 29. Qxd8 Qe5 30. Qd5 Qc7 31. h3 Nf6 32. Qd8 Qe5 33. Qd4 Qe7 34.
Nf4 h5 35. Nd5 Nxd5 36. Qxd5 e3 37. fxe3 Qxe3+ 38. Kh1 Qe7 39. Qd6 Qe2 40. Qd2
Qe7 41. Re1 Qc7 42. Bd5 Qd7 43. Rd1 Qc7 44. Qe3 Be7 45. Re1 Bf6 46. Qf3 Bh4 47.
Re8+ Kg7 48. Bxb7 Qd7 49. Re3 Qd2 50. Rb3 Kh7 51. Bd5 Qe1+ 52. Kh2 Bf2 53. Rb1
Bg1+ 54. Kh1 Qxb1 55. g4 Bxc5+ 56. Kg2 Qg1# 0-1

[Event "Satka-255"]
[Site "Satka"]
[Date "2013.07.03"]
[Round "2"]
[White "Pleshakov, Anton"]
[Black "Litvinenko, Ekaterina"]
[Result "1-0"]
[WhiteElo "2071"]
[BlackElo "1933"]
[PlyCount "61"]
[EventDate "2013.??.??"]
[EventType "swiss"]
[EventCountry "RUS"]
[SourceDate "2005.09.12"]

1. e4 e5 2. Nf3 Nc6 3. Bc4 Nf6 4. d3 Bc5 5. c3 d6 6. b4 Bb6 7. a4 a6 8. Qb3 Qe7
9. Nbd2 Nh5 10. O-O Nf4 11. Re1 g5 12. Nf1 Bg4 13. a5 Bxf3 14. gxf3 Nh3+ 15.
Kg2 Bxf2 16. Re2 g4 17. fxg4 Qh4 18. Bxf7+ Kd8 19. Be6 Rf8 20. Raa2 Ne7 21. g5
Ba7 22. Bxh3 Rxf1 23. Qe6 Rg1+ 24. Kf3 Qh5+ 25. Bg4 Rf1+ 26. Rf2 Rxf2+ 27. Rxf2
Qe8 28. g6 hxg6 29. Rf1 Qb5 30. Ke2 Ke8 31. Bg5 1-0

[Event "Satka-255"]
[Site "Satka"]
[Date "2013.07.03"]
[Round "2"]
[White "Grigorieva, Yulia"]
[Black "Myakota, Sergei"]
[Result "0-1"]
[WhiteElo "1754"]
[BlackElo "2049"]
[PlyCount "54"]
[EventDate "2013.??.??"]
[EventType "swiss"]
[EventCountry "RUS"]
[SourceDate "2005.09.12"]

1. d4 Nf6 2. c4 g6 3. Nc3 Bg7 4. e4 d6 5. f3 O-O 6. Be3 Nc6 7. Qd2 a6 8. Nge2
Rb8 9. Nc1 e5 10. d5 Nd4 11. Bxd4 exd4 12. N3e2 c5 13. dxc6 bxc6 14. Nxd4 Qb6
15. Ndb3 d5 16. e5 Re8 17. f4 Ne4 18. Qd4 Qb4+ 19. Kd1 c5 20. Qe3 dxc4 21. Qxe4
Bg4+ 22. Ne2 Red8+ 23. Kc1 Qe1+ 24. Kc2 cxb3+ 25. axb3 Qxa1 26. Qa4 Qd1+ 27.
Kc3 Qd3# 0-1

[Event "Satka-255"]
[Site "Satka"]
[Date "2013.07.03"]
[Round "2"]
[White "Kurshev, Nikita"]
[Black "Buldakova, Irina"]
[Result "1-0"]
[WhiteElo "1822"]
[BlackElo "1726"]
[PlyCount "91"]
[EventDate "2013.??.??"]
[EventType "swiss"]
[EventCountry "RUS"]
[SourceDate "2005.09.12"]

1. d4 Nf6 2. c4 e6 3. Nf3 d5 4. Nc3 c6 5. Bg5 Be7 6. e3 Nbd7 7. Rc1 O-O 8. Bd3
b6 9. O-O Bb7 10. cxd5 Nxd5 11. Bxe7 Qxe7 12. Nxd5 exd5 13. a3 Rac8 14. Qa4 a6
15. Qc2 g6 16. Qe2 a5 17. Ba6 Bxa6 18. Qxa6 Qe6 19. Rfd1 Ra8 20. Qd3 Rac8 21.
h3 f5 22. Rc2 f4 23. exf4 Rxf4 24. Re2 Qf6 25. Rde1 Qf5 26. Qc3 Re4 27. Rxe4
dxe4 28. Nd2 Nf6 29. Qb3+ Qd5 30. Qxb6 Rd8 31. Nxe4 Nxe4 32. Rxe4 Qxe4 33.
Qxd8+ Kf7 34. Qxa5 Qb1+ 35. Kh2 Qxb2 36. Qc7+ Kg8 37. Qxc6 Qxd4 38. Qf3 Qd6+
39. g3 Qd4 40. Kg2 Qd6 41. Qa8+ Kg7 42. a4 Qb4 43. a5 Qa4 44. a6 Qa3 45. Qb7+
Kh6 46. a7 1-0

[Event "Satka-255"]
[Site "Satka"]
[Date "2013.07.03"]
[Round "2"]
[White "Bogachev, Victor"]
[Black "Akhunova, Narkas"]
[Result "1/2-1/2"]
[WhiteElo "1932"]
[BlackElo "1749"]
[PlyCount "21"]
[EventDate "2013.??.??"]
[EventType "swiss"]
[EventCountry "RUS"]
[SourceDate "2005.09.12"]

1. e4 e5 2. Nf3 Nc6 3. Bb5 a6 4. Ba4 Nf6 5. d3 b5 6. Bb3 Be7 7. O-O d6 8. Be3
O-O 9. a4 Bb7 10. Nc3 b4 11. Nd5 1/2-1/2

[Event "Satka-255"]
[Site "Satka"]
[Date "2013.07.03"]
[Round "2"]
[White "Kiseleva, Olga"]
[Black "Gabaidulina, Olga"]
[Result "1-0"]
[WhiteElo "1737"]
[BlackElo "1892"]
[PlyCount "31"]
[EventDate "2013.??.??"]
[EventType "swiss"]
[EventCountry "RUS"]
[SourceDate "2005.09.12"]

1. e4 e5 2. Nf3 Nf6 3. Nxe5 d6 4. Nf3 Nxe4 5. Nc3 Nxc3 6. dxc3 Bg4 7. Be3 Qf6
8. Be2 Nc6 9. Qd2 h6 10. O-O-O Qe6 11. Kb1 O-O-O 12. h3 Bf5 13. Nd4 Nxd4 14.
Qxd4 Qe4 15. Bd3 Qxd4 16. Bxf5+ 1-0

[Event "Satka-255"]
[Site "Satka"]
[Date "2013.07.03"]
[Round "2"]
[White "Mikhailov, Vladimir"]
[Black "Allayarova, Lira"]
[Result "1-0"]
[WhiteElo "1872"]
[BlackElo "1599"]
[PlyCount "43"]
[EventDate "2013.??.??"]
[EventType "swiss"]
[EventCountry "RUS"]
[SourceDate "2005.09.12"]

1. e4 e5 2. Nf3 Nc6 3. Bb5 a6 4. Ba4 Nf6 5. O-O Be7 6. Re1 b5 7. Bb3 O-O 8. Bd5
Bd6 9. d4 Nxd5 10. dxe5 Nxe5 11. Nxe5 Ne7 12. Bf4 Bb7 13. Nd2 Re8 14. Qf3 f6
15. Qb3+ Nd5 16. Nd3 Bxf4 17. Nxf4 Kh8 18. exd5 Re7 19. Qh3 Rxe1+ 20. Rxe1 d6
21. Ng6+ Kg8 22. Qe6# 1-0

[Event "Satka-255"]
[Site "Satka"]
[Date "2013.07.03"]
[Round "2"]
[White "Yanko, Ivan"]
[Black "Akhunova, Syumbel"]
[Result "1-0"]
[WhiteElo "1641"]
[BlackElo "1842"]
[PlyCount "91"]
[EventDate "2013.??.??"]
[EventType "swiss"]
[EventCountry "RUS"]
[SourceDate "2005.09.12"]

1. e4 e5 2. Nf3 Nc6 3. Bc4 Bc5 4. d3 Nf6 5. c3 O-O 6. Nbd2 d6 7. b4 Bb6 8. a4
a6 9. O-O Bg4 10. Bb3 Kh8 11. Nc4 Ba7 12. Ne3 Bh5 13. Nd5 Nxd5 14. Bxd5 Rb8 15.
Be3 Bxe3 16. fxe3 Ne7 17. Bb3 f5 18. exf5 Nxf5 19. Qd2 Qe8 20. Ng5 h6 21. Ne6
Rf6 22. e4 Rxe6 23. Bxe6 Qxe6 24. Rxf5 Bg6 25. Rf2 d5 26. exd5 Qxd5 27. d4 Re8
28. dxe5 Qxe5 29. Qd4 Qe7 30. Rd1 Bh5 31. Rdd2 b6 32. g4 Qg5 33. Qf4 Qxg4+ 34.
Qxg4 Bxg4 35. Rf7 c6 36. Ra7 Re3 37. Rxa6 Rxc3 38. Rxb6 Bf3 39. a5 Ra3 40. a6
Bd5 41. b5 Bc4 42. bxc6 Bxa6 43. Rxa6 Rxa6 44. c7 Rc6 45. Rd8+ Kh7 46. c8=Q 1-0

[Event "Satka-255"]
[Site "Satka"]
[Date "2013.07.04"]
[Round "3"]
[White "Povolotsky, Evgeny"]
[Black "Matveev, Vladimir"]
[Result "0-1"]
[WhiteElo "2079"]
[BlackElo "2345"]
[PlyCount "94"]
[EventDate "2013.??.??"]
[EventType "swiss"]
[EventCountry "RUS"]
[SourceDate "2005.09.12"]

1. d4 Nf6 2. c4 g6 3. Nc3 Bg7 4. Bg5 c5 5. Nf3 O-O 6. e3 cxd4 7. Nxd4 Qa5 8.
Bxf6 Bxf6 9. Be2 Nc6 10. O-O Bg7 11. a3 d6 12. b4 Qd8 13. Rc1 Bd7 14. Nxc6 bxc6
15. Bf3 Rb8 16. Qd2 a5 17. Rb1 Bf5 18. e4 Be6 19. Be2 axb4 20. axb4 Qc7 21.
Rfc1 Rfc8 22. Qe3 Qb6 23. c5 Qa7 24. Ra1 Qd7 25. Rab1 dxc5 26. Qxc5 Bd4 27. Qg5
Qa7 28. Qg3 Qa3 29. Qd3 Rd8 30. Qa6 Qxa6 31. Bxa6 Be5 32. g3 Rd2 33. b5 Bd4 34.
Nd1 Ba2 35. Ne3 Bxb1 36. bxc6 Bxe4 37. c7 Ra8 38. c8=Q+ Rxc8 39. Rxc8+ Kg7 40.
Bf1 h5 41. Rb8 e5 42. Rb3 f5 43. Bg2 Bxg2 44. Kxg2 f4 45. Rb7+ Kh6 46. Nd5
Rxf2+ 47. Kh3 g5 0-1

[Event "Satka-255"]
[Site "Satka"]
[Date "2013.07.04"]
[Round "3"]
[White "Imashev, Ildar"]
[Black "Panov, Maksim"]
[Result "1/2-1/2"]
[WhiteElo "2273"]
[BlackElo "2093"]
[PlyCount "46"]
[EventDate "2013.??.??"]
[EventType "swiss"]
[EventCountry "RUS"]
[SourceDate "2005.09.12"]

1. e4 c5 2. Nf3 d6 3. d4 cxd4 4. Nxd4 Nf6 5. Nc3 g6 6. Be3 Bg7 7. f3 O-O 8. Qd2
Nc6 9. Bc4 Bd7 10. O-O-O Rb8 11. Kb1 Na5 12. Be2 a6 13. g4 b5 14. h4 Nc4 15.
Bxc4 bxc4 16. Ka1 h5 17. gxh5 Nxh5 18. Rhg1 Kh7 19. Nde2 Qa5 20. Rg5 Qb4 21.
Rb1 f5 22. exf5 Rxf5 23. Rxf5 Bxf5 1/2-1/2

[Event "Satka-255"]
[Site "Satka"]
[Date "2013.07.04"]
[Round "3"]
[White "Myakota, Sergei"]
[Black "Vaseptsov, Maxim"]
[Result "0-1"]
[WhiteElo "2049"]
[BlackElo "2207"]
[PlyCount "52"]
[EventDate "2013.??.??"]
[EventType "swiss"]
[EventCountry "RUS"]
[SourceDate "2005.09.12"]

1. Nf3 Nf6 2. c4 e6 3. Nc3 d5 4. d4 dxc4 5. e3 a6 6. a4 c5 7. Bxc4 Nc6 8. O-O
Be7 9. b3 O-O 10. Bb2 cxd4 11. exd4 Nb4 12. Ne5 b6 13. Re1 Bb7 14. Rc1 Rc8 15.
Qd2 Nbd5 16. Nxd5 Nxd5 17. Nd3 Bd6 18. g3 Qf6 19. f4 Rfd8 20. b4 h5 21. Bb3 h4
22. Rxc8 Rxc8 23. Rc1 Rxc1+ 24. Qxc1 hxg3 25. hxg3 Qg6 26. Bxd5 Qxg3+ 0-1

[Event "Satka-255"]
[Site "Satka"]
[Date "2013.07.04"]
[Round "3"]
[White "Pleshakov, Anton"]
[Black "Baigildin, Albert"]
[Result "1-0"]
[WhiteElo "2071"]
[BlackElo "2191"]
[PlyCount "111"]
[EventDate "2013.??.??"]
[EventType "swiss"]
[EventCountry "RUS"]
[SourceDate "2005.09.12"]

1. e4 e5 2. Nf3 Nc6 3. Bc4 Nf6 4. d3 Be7 5. c3 O-O 6. Bb3 d6 7. Nbd2 Be6 8. Nf1
d5 9. Ng3 dxe4 10. dxe4 Qxd1+ 11. Kxd1 Nd7 12. Bxe6 fxe6 13. Ke2 Bd6 14. Be3
Ne7 15. Nf1 Nf6 16. Ng5 Ng6 17. f3 h6 18. Nh3 Nd7 19. g3 Rf7 20. Nd2 Bc5 21.
Nf2 Bxe3 22. Kxe3 Nc5 23. b4 Na4 24. Rhc1 Rd8 25. Rc2 Rfd7 26. Nc4 h5 27. Nb2
Nxb2 28. Rxb2 Ne7 29. b5 Nc8 30. Ke2 Nd6 31. Rd1 Rf8 32. Nd3 Nf7 33. Rbd2 b6
34. Nb4 Rd6 35. Nc6 Ra8 36. Nb4 a5 37. Nc6 g6 38. a4 Kg7 39. f4 exf4 40. gxf4
Rf8 41. e5 Rxd2+ 42. Rxd2 Nh6 43. Nd8 Re8 44. Rd7+ Kh8 45. Nc6 Rf8 46. Ne7 Kh7
47. Nd5+ Kh8 48. Nf6 Rf7 49. Rxf7 Nxf7 50. Ne8 Nd8 51. Nxc7 Nb7 52. Na8 Kg7 53.
Nxb6 g5 54. fxg5 Kg6 55. h4 Kf5 56. Nd7 1-0

[Event "Satka-255"]
[Site "Satka"]
[Date "2013.07.04"]
[Round "3"]
[White "Polosin, Evgeni"]
[Black "Kurshev, Nikita"]
[Result "0-1"]
[WhiteElo "2114"]
[BlackElo "1822"]
[PlyCount "134"]
[EventDate "2013.??.??"]
[EventType "swiss"]
[EventCountry "RUS"]
[SourceDate "2005.09.12"]

1. e4 e6 2. d4 d5 3. e5 c5 4. c3 Qb6 5. Nf3 Bd7 6. a3 a5 7. b3 cxd4 8. cxd4 Bb5
9. Bxb5+ Qxb5 10. Nc3 Qa6 11. Ne2 Ne7 12. O-O Nec6 13. Ng3 Be7 14. h4 Nd7 15.
Ng5 h6 16. Nh3 Bxh4 17. Qg4 Bxg3 18. fxg3 g6 19. Qh4 Qd3 20. Bf4 Qxd4+ 21. Kh1
Ndxe5 22. Rad1 g5 23. Qh5 Qe4 24. Nxg5 Qg6 25. Qh4 O-O-O 26. Nh3 Ng4 27. b4 Kd7
28. Nf2 Nxf2+ 29. Rxf2 axb4 30. axb4 Ne7 31. Be5 Nf5 32. Qh3 Rhg8 33. Rxd5+
exd5 34. Rxf5 Qg4 35. Bd4 Qxh3+ 36. gxh3 Kc6 37. g4 Rg6 38. Rxf7 Rd7 39. Rf4
Kb5 40. Bc5 Re6 41. Kg2 b6 42. Bf2 Re4 43. Rf6 d4 44. Kf3 Re8 45. Rxh6 d3 46.
Rxb6+ Ka4 47. Be3 Rf7+ 48. Bf4 Ref8 49. Ke3 Rxf4 50. Kxd3 Rf3+ 51. Kc4 R8f4+
52. Kc5 Rc3+ 53. Kd5 Rxh3 54. Rg6 Rg3 55. g5 Rf5+ 56. Kc4 Rg4+ 57. Kc3 Rf3+ 58.
Kd2 Rg2+ 59. Ke1 Rb3 60. Kf1 Rc2 61. Ra6+ Kxb4 62. Ra1 Rg3 63. Rb1+ Kc4 64. Rb8
Rxg5 65. Rc8+ Kb3 66. Re8 Ra5 67. Re1 Kb2 0-1

[Event "Satka-255"]
[Site "Satka"]
[Date "2013.07.04"]
[Round "3"]
[White "Ivanov, Stepan"]
[Black "Kazantsev, Nikita"]
[Result "1-0"]
[WhiteElo "2021"]
[BlackElo "1951"]
[PlyCount "79"]
[EventDate "2013.??.??"]
[EventType "swiss"]
[EventCountry "RUS"]
[SourceDate "2005.09.12"]

1. d4 Nf6 2. c4 g6 3. g3 Bg7 4. Bg2 O-O 5. Nc3 d6 6. Nf3 Nc6 7. O-O Bf5 8. a3
Ne4 9. Nd5 e5 10. Be3 Na5 11. Rc1 c6 12. Nb4 b5 13. cxb5 cxb5 14. dxe5 Nc4 15.
Nd4 dxe5 16. Nxf5 gxf5 17. Qxd8 Rfxd8 18. g4 Nxe3 19. fxe3 Bh6 20. Bxe4 Bxe3+
21. Kg2 fxe4 22. Rc7 Bf4 23. e3 Rd2+ 24. Kh1 Rxh2+ 25. Kg1 Bg3 26. Nd5 f5 27.
Ne7+ Kh8 28. Nxf5 Rf8 29. Nxg3 Rxf1+ 30. Kxh2 Rf2+ 31. Kh3 Rxb2 32. Nf5 h6 33.
Rxa7 b4 34. axb4 Rxb4 35. Nxh6 Rb2 36. Nf5 Rf2 37. Kh4 Rc2 38. Kh5 Rc6 39. g5
Re6 40. Ra8+ 1-0

[Event "Satka-255"]
[Site "Satka"]
[Date "2013.07.04"]
[Round "3"]
[White "Muksimova, Oksana"]
[Black "Sofyin, Pavel"]
[Result "0-1"]
[WhiteElo "1807"]
[BlackElo "2026"]
[PlyCount "48"]
[EventDate "2013.??.??"]
[EventType "swiss"]
[EventCountry "RUS"]
[SourceDate "2005.09.12"]

1. d4 Nf6 2. Nf3 d5 3. e3 Bf5 4. c4 c6 5. Nc3 e6 6. Bd3 Bxd3 7. Qxd3 Be7 8. O-O
Nbd7 9. cxd5 exd5 10. b3 O-O 11. a4 Re8 12. Ne5 Nxe5 13. dxe5 Nd7 14. f4 f6 15.
exf6 Nxf6 16. Ra2 Bc5 17. Rf3 a5 18. Nd1 d4 19. Rc2 dxe3 20. Qc4+ Kh8 21. Nxe3
Bb6 22. h3 Re4 23. Qe2 Nd5 24. Qd3 Nxe3 0-1

[Event "Satka-255"]
[Site "Satka"]
[Date "2013.07.04"]
[Round "3"]
[White "Kanakin, Konstantin"]
[Black "Soldatenkov, Anton"]
[Result "1-0"]
[WhiteElo "1987"]
[BlackElo "1796"]
[PlyCount "39"]
[EventDate "2013.??.??"]
[EventType "swiss"]
[EventCountry "RUS"]
[SourceDate "2005.09.12"]

1. d4 d5 2. c4 e6 3. Nf3 Nf6 4. e3 Be7 5. Nbd2 O-O 6. b3 b6 7. Bb2 Bb7 8. Bd3
Nbd7 9. Qc2 c5 10. O-O Rc8 11. Ne5 h6 12. Rac1 cxd4 13. exd4 dxc4 14. bxc4 Nd5
15. Be4 Nxe5 16. dxe5 Qc7 17. cxd5 Qxc2 18. Rxc2 exd5 19. Rxc8 Rxc8 20. Bf5 1-0

[Event "Satka-255"]
[Site "Satka"]
[Date "2013.07.04"]
[Round "3"]
[White "Fedotov, Danil"]
[Black "Shelokov, Valery"]
[Result "0-1"]
[WhiteElo "1802"]
[BlackElo "1982"]
[PlyCount "206"]
[EventDate "2013.??.??"]
[EventType "swiss"]
[EventCountry "RUS"]
[SourceDate "2005.09.12"]

1. e4 c5 2. Nf3 d6 3. d4 cxd4 4. Nxd4 Nf6 5. Nc3 a6 6. Bg5 Nbd7 7. f4 Qb6 8.
Nb3 e6 9. Qf3 Be7 10. O-O-O O-O 11. g4 Re8 12. Bxf6 Bxf6 13. g5 Be7 14. h4 Nc5
15. Nxc5 Qxc5 16. Bd3 Bd7 17. f5 Qe5 18. Rde1 Rac8 19. Rhf1 f6 20. fxe6 Bxe6
21. gxf6 Bxf6 22. Qf4 Qxf4+ 23. Rxf4 Be5 24. Rf3 Bg4 25. Rff1 Bg3 26. Re3 Bxh4
27. Kb1 Be6 28. Rh1 Bg5 29. Rg3 Bf4 30. Rf3 Be5 31. Nd5 h6 32. Rhf1 Kh7 33. c4
h5 34. b3 Kh6 35. Ne3 g6 36. Nd5 Kg7 37. Rg1 Bg4 38. Rff1 Rf8 39. Kc2 Rxf1 40.
Bxf1 Rf8 41. Ne3 Rf2+ 42. Kd3 Be6 43. Rg2 Rf8 44. Be2 Kh6 45. Nd1 g5 46. Ne3 g4
47. Nf1 Kg5 48. Nh2 Bxh2 49. Rxh2 h4 50. Rh1 h3 51. Bf1 Rh8 52. Ke3 g3 53. Rg1
g2 54. Bxg2 hxg2 55. Rxg2+ Kf6 56. Kd4 Rh1 57. Rf2+ Ke7 58. Rd2 Bd7 59. c5 Rh6
60. Rg2 dxc5+ 61. Kxc5 Bc6 62. Re2 Ke6 63. Kd4 Rh4 64. a4 a5 65. Re3 Kd6 66.
Kd3 Ke5 67. Rg3 Bxe4+ 68. Kc4 Kd6 69. Kb5 Rh5+ 70. Kb6 Rd5 71. Rg4 Bf3 72. Rf4
Rd3 73. b4 axb4 74. Rxb4 Kd7 75. a5 Rd6+ 76. Kc5 Kc7 77. Rh4 Rc6+ 78. Kb4 Kb8
79. Rf4 Be2 80. Re4 Bf1 81. Rf4 Bd3 82. Rd4 Bg6 83. Kb5 Ka7 84. Rg4 Re6 85. Rg3
Re5+ 86. Kc4 Bf5 87. Kb4 Ka6 88. Rf3 Rb5+ 89. Kc4 Rxa5 90. Kb4 Re5 91. Rf2 b5
92. Rh2 Kb6 93. Rh6+ Re6 94. Rh5 Re4+ 95. Kc3 b4+ 96. Kb2 Rf4 97. Rh6+ Kb5 98.
Rh2 Kc4 99. Rg2 b3 100. Rh2 Rg4 101. Rf2 Be4 102. Rf1 Rg2+ 103. Ka3 Ra2# 0-1

[Event "Satka-255"]
[Site "Satka"]
[Date "2013.07.04"]
[Round "3"]
[White "Khazov, Anton"]
[Black "Vyalykh, Anastasiya"]
[Result "1-0"]
[WhiteElo "1976"]
[BlackElo "1779"]
[PlyCount "57"]
[EventDate "2013.??.??"]
[EventType "swiss"]
[EventCountry "RUS"]
[SourceDate "2005.09.12"]

1. Nf3 Nf6 2. g3 g6 3. Bg2 c6 4. O-O Bg7 5. c4 O-O 6. d3 d6 7. Nc3 e5 8. Qc2
Nh5 9. b4 f5 10. Rb1 f4 11. Ne4 Nf6 12. c5 Nxe4 13. dxe4 d5 14. Rd1 Be6 15. Bb2
d4 16. e3 fxe3 17. fxe3 Bg4 18. Qe2 Na6 19. exd4 Bxf3 20. Bxf3 exd4 21. Qc4+
Kh8 22. Rxd4 Qe7 23. Bg4 Rad8 24. Rbd1 h5 25. Rd7 hxg4 26. Bxg7+ Qxg7 27. Rxd8
Rxd8 28. Rxd8+ Kh7 29. Qd4 1-0

[Event "Satka-255"]
[Site "Satka"]
[Date "2013.07.04"]
[Round "3"]
[White "Semenova, Alena"]
[Black "Grigorieva, Yulia"]
[Result "1-0"]
[WhiteElo "1951"]
[BlackElo "1754"]
[PlyCount "89"]
[EventDate "2013.??.??"]
[EventType "swiss"]
[EventCountry "RUS"]
[SourceDate "2005.09.12"]

1. e4 e5 2. Nf3 Nc6 3. Bc4 Nf6 4. Ng5 d5 5. exd5 Na5 6. Bb5+ c6 7. dxc6 bxc6 8.
Qf3 Rb8 9. Bd3 h6 10. Ne4 Nd5 11. b3 g6 12. Bb2 Bg7 13. Qg3 Nf4 14. Qxf4 exf4
15. Bxg7 Rg8 16. Be5 Rb6 17. O-O Be6 18. Nbc3 Kf8 19. Bxf4 g5 20. Bd6+ Kg7 21.
Be5+ Kf8 22. Nf6 Rg7 23. Nce4 Nb7 24. a4 a5 25. Bb2 c5 26. Ba3 Qc7 27. Bb5 Rg6
28. d4 Rc6 29. d5 Rb6 30. dxe6 Rxe6 31. Nd7+ Kg8 32. Ndxc5 Nxc5 33. Nxc5 Re5
34. Nd3 Ree6 35. c4 Rgf6 36. b4 Re2 37. bxa5 Qxa5 38. Bb4 Qd8 39. c5 Qd4 40.
Rac1 Qd5 41. c6 Re8 42. Rc5 Qd8 43. c7 Qc8 44. Bxe8 Re6 45. Bd7 1-0

[Event "Satka-255"]
[Site "Satka"]
[Date "2013.07.04"]
[Round "3"]
[White "Leolko, Ludmila"]
[Black "Khafizova, Yana"]
[Result "0-1"]
[WhiteElo "1792"]
[BlackElo "1938"]
[PlyCount "66"]
[EventDate "2013.??.??"]
[EventType "swiss"]
[EventCountry "RUS"]
[SourceDate "2005.09.12"]

1. e4 e5 2. Nf3 Nc6 3. d4 exd4 4. Nxd4 Bc5 5. Nb3 Bb6 6. Nc3 Qf6 7. Qe2 Nge7 8.
Be3 d6 9. O-O-O Ne5 10. f3 Be6 11. Nd5 Bxd5 12. exd5 O-O 13. Kb1 c6 14. dxc6
bxc6 15. f4 Nc4 16. Bd4 Bxd4 17. Rxd4 d5 18. g4 c5 19. g5 Qb6 20. Rd1 Rfe8 21.
Qf2 Rab8 22. f5 Nxf5 23. Rxd5 Nce3 24. Rxc5 Nd4 25. Rc3 Nd1 26. Qd2 Nxc3+ 27.
Qxc3 Nxb3 28. axb3 Re3 29. Bd3 Rbe8 30. h4 Qe6 31. Ka2 a5 32. Qxa5 Qc6 33. Qf5
Ra8+ 0-1

[Event "Satka-255"]
[Site "Satka"]
[Date "2013.07.04"]
[Round "3"]
[White "Litvinenko, Ekaterina"]
[Black "Kiseleva, Olga"]
[Result "1-0"]
[WhiteElo "1933"]
[BlackElo "1737"]
[PlyCount "145"]
[EventDate "2013.??.??"]
[EventType "swiss"]
[EventCountry "RUS"]
[SourceDate "2005.09.12"]

1. e4 e5 2. Nf3 Nc6 3. Bc4 Nf6 4. d3 Bc5 5. c3 O-O 6. Nbd2 d5 7. Bb3 dxe4 8.
dxe4 b6 9. Ba4 Bb7 10. b4 Bd6 11. O-O Ne7 12. Bc2 Ng6 13. Re1 a5 14. bxa5 Rxa5
15. Nc4 Ra8 16. a4 Qd7 17. Bg5 Qc6 18. Nxd6 cxd6 19. Bxf6 gxf6 20. Rb1 Rfc8 21.
Bd3 Nf4 22. Nh4 Qxc3 23. Rb3 Qd4 24. Nf5 Qxa4 25. Ne7+ Kf8 26. Nxc8 Bxc8 27.
Bb5 Qa5 28. Qxd6+ Kg7 29. Reb1 Be6 30. Rg3+ Kh8 31. Qe7 Nh5 32. Be8 Qc5 33.
Qxc5 bxc5 34. Bc6 Rc8 35. Bb7 Nxg3 36. Bxc8 Nxe4 37. Bxe6 fxe6 38. Rb6 Kg7 39.
Rxe6 Nd2 40. Rd6 Nb3 41. Kf1 Kg6 42. Ke2 c4 43. Rb6 Nd4+ 44. Kd2 Kf5 45. Rb4
Nb3+ 46. Ke3 Na5 47. Ra4 Nb7 48. Rxc4 Nd6 49. Rc7 h6 50. f3 Ke6 51. Rh7 Nf7 52.
h4 f5 53. Rg7 f4+ 54. Kd3 Kf6 55. Rg8 Nd6 56. h5 Nf7 57. Rg6+ Kf5 58. Ke2 e4
59. fxe4+ Kxe4 60. Rf6 Ne5 61. Rxh6 f3+ 62. gxf3+ Nxf3 63. Rg6 Ne5 64. Rg7 Kf5
65. Ke3 Kf6 66. Rg1 Nf7 67. Kf3 Nd8 68. h6 Ne6 69. Ke4 Nf8 70. Rf1+ Ke7 71. Kf5
Kf7 72. Rg1 Ne6 73. h7 1-0

[Event "Satka-255"]
[Site "Satka"]
[Date "2013.07.04"]
[Round "3"]
[White "Buldakova, Irina"]
[Black "Mikhailov, Vladimir"]
[Result "0-1"]
[WhiteElo "1726"]
[BlackElo "1872"]
[PlyCount "102"]
[EventDate "2013.??.??"]
[EventType "swiss"]
[EventCountry "RUS"]
[SourceDate "2005.09.12"]

1. e4 c5 2. g3 Nc6 3. Bg2 g6 4. d3 Bg7 5. f4 d6 6. Nf3 Nf6 7. O-O O-O 8. c3 Qc7
9. Na3 Bd7 10. Re1 Rfe8 11. e5 dxe5 12. fxe5 Ng4 13. d4 cxd4 14. cxd4 Qb6 15.
Nc4 Qa6 16. b3 b5 17. Ne3 Rac8 18. Nd5 e6 19. Nc3 Qb6 20. Be3 Nxe3 21. Rxe3
Nxe5 22. Nxe5 Bxe5 23. Rxe5 Rxc3 24. Kh1 Rec8 25. d5 exd5 26. Bxd5 Bc6 27. Qe1
Bxd5+ 28. Rxd5 Qc6 29. Rad1 Rc5 30. Qe4 Rxd5 31. Qxd5 Qxd5+ 32. Rxd5 Rc2 33.
Rxb5 Rxa2 34. Rb7 Kg7 35. Kg1 g5 36. b4 h5 37. Rb8 Kg6 38. Rg8+ Kf5 39. Rh8 Kg4
40. Rf8 f5 41. b5 f4 42. gxf4 gxf4 43. Rg8+ Kf3 44. h3 Ra1+ 45. Kh2 Kf2 46. Rg5
f3 47. Rxh5 Kf1 48. Rf5 f2 49. Kg3 Ra3+ 50. Kh2 Ra2 51. h4 Ke1 0-1

[Event "Satka-255"]
[Site "Satka"]
[Date "2013.07.04"]
[Round "3"]
[White "Akhunova, Narkas"]
[Black "Yanko, Ivan"]
[Result "0-1"]
[WhiteElo "1749"]
[BlackElo "1641"]
[PlyCount "72"]
[EventDate "2013.??.??"]
[EventType "swiss"]
[EventCountry "RUS"]
[SourceDate "2005.09.12"]

1. e4 e5 2. Nf3 Nc6 3. Bb5 a6 4. Ba4 Nf6 5. O-O b5 6. Bb3 d6 7. Re1 Be7 8. c3
Na5 9. Bc2 c6 10. d4 Qc7 11. Nbd2 O-O 12. Nf1 Nb7 13. Ng3 Nd8 14. a4 Ne6 15.
Nf5 Bd8 16. dxe5 dxe5 17. Qd6 Qxd6 18. Nxd6 Bc7 19. Nf5 Bb7 20. h3 c5 21. Ng3
c4 22. Be3 Nd7 23. axb5 axb5 24. Nd2 Ndc5 25. b3 Nd3 26. bxc4 Nxe1 27. Rxe1
bxc4 28. Nxc4 Rfd8 29. f3 Ba6 30. Nb6 Bxb6 31. Bxb6 Rd2 32. Ba4 Bc4 33. Bc6
Raa2 34. Nf5 Rxg2+ 35. Kh1 Rh2+ 36. Kg1 Rag2# 0-1

[Event "Satka-255"]
[Site "Satka"]
[Date "2013.07.06"]
[Round "5"]
[White "Khazov, Anton"]
[Black "Grigorieva, Yulia"]
[Result "0-1"]
[WhiteElo "1976"]
[BlackElo "1754"]
[PlyCount "54"]
[EventDate "2013.??.??"]
[EventType "swiss"]
[EventCountry "RUS"]
[SourceDate "2005.09.12"]

1. Nf3 Nf6 2. c4 e6 3. g3 d5 4. Bg2 Be7 5. O-O c6 6. Qc2 Nbd7 7. d3 O-O 8. e4
dxe4 9. dxe4 Qc7 10. Nc3 Rd8 11. Rd1 b6 12. b3 Bb7 13. Bb2 a6 14. Qe2 c5 15. h3
Rac8 16. Re1 Nf8 17. e5 N6d7 18. Ne4 Ng6 19. Rad1 Ngxe5 20. Nxe5 Nxe5 21. Nxc5
Bxg2 22. Bxe5 Qc6 23. Qg4 g6 24. Qf4 bxc5 25. Qh6 Bf8 26. Rxd8 Rxd8 27. Qg5
Bxh3 0-1